00569nam a2200133Ia 4500008004100000020001800041100001900059245008500078260002200163440004800185650013500233650002200368856004500390171212s9999 xx 000 0 und d a9781921666568 aConnery, David cConnery, DavidaCrisis PolicymakingbAustralia and the East Timor Crisis of 1999 bANU E Pressc2010 aStrategic and Defence Studies Centre (SDSC) aAustralia -- Politics and government; Australia -- Foreign relations -- Timor-Leste; Timor-Leste -- Foreign relations -- Australia aPolitical Science uwww.jstor.org/stable/10.2307/j.ctt24h2x8